101 Bible activity sheets / (Record no. 46656)
[ view plain ]
| 000 -LEADER | |
|---|---|
| fixed length control field | 00957cam a2200277Ka 4500 |
| 001 - CONTROL NUMBER | |
| control field | 12672327 |
| 003 - CONTROL NUMBER IDENTIFIER | |
| control field | OCoLC |
| 005 - DATE AND TIME OF LATEST TRANSACTION | |
| control field | 20190529090609.0 |
| 008 - FIXED-LENGTH DATA ELEMENTS--GENERAL INFORMATION | |
| fixed length control field | 851014s1984 mium a 0 0 eng d |
| 020 ## - INTERNATIONAL STANDARD BOOK NUMBER | |
| International Standard Book Number | 0801029317 |
| 020 ## - INTERNATIONAL STANDARD BOOK NUMBER | |
| International Standard Book Number | 9780801029318 |
| 035 ## - SYSTEM CONTROL NUMBER | |
| System control number | (OCoLC)12672327 |
| 040 ## - CATALOGING SOURCE | |
| Original cataloging agency | TBI |
| Language of cataloging | eng |
| Transcribing agency | TBI |
| Modifying agency | YDXCP |
| -- | OCLCQ |
| -- | OCLCF |
| -- | OCLCO |
| -- | BSC |
| 049 ## - LOCAL HOLDINGS (OCLC) | |
| Holding library | BSCC |
| 100 1# - MAIN ENTRY--PERSONAL NAME | |
| Personal name | De Vries, Betty. |
| 245 10 - TITLE STATEMENT | |
| Title | 101 Bible activity sheets / |
| Statement of responsibility, etc | by Betty De Vries ; illustrations, Walter Kerr. |
| 260 ## - PUBLICATION, DISTRIBUTION, ETC. (IMPRINT) | |
| Place of publication, distribution, etc | Grand Rapids, Mich. : |
| Name of publisher, distributor, etc | Baker Book House, |
| Date of publication, distribution, etc | c1983. |
| 300 ## - PHYSICAL DESCRIPTION | |
| Extent | 144 pages : |
| Other physical details | illustrations ; |
| Dimensions | 26 cm. |
| 336 ## - CONTENT TYPE | |
| Content Type Term | text |
| Content Type Code | txt |
| Source | rdacontent. |
| 337 ## - MEDIA TYPE | |
| Media Type Term | unmediated |
| Media Type Code | n |
| Source | rdamedia. |
| 338 ## - CARRIER TYPE | |
| Carrier Type Term | volume |
| Carrier Type Code | nc |
| Source | rdacarrier. |
| 500 ## - GENERAL NOTE | |
| General note | Reproducible cut-and-paste activities and puzzle forms for children's church, Sunday Schools, DVBS, and Bible clubs. |
| 650 #0 - SUBJECT ADDED ENTRY--TOPICAL TERM | |
| Topical term or geographic name as entry element | Bible games and puzzles. |
| 650 #0 - SUBJECT ADDED ENTRY--TOPICAL TERM | |
| Topical term or geographic name as entry element | Games in religious education. |
| 942 ## - ADDED ENTRY ELEMENTS (KOHA) | |
| Source of classification or shelving scheme | Library of Congress Classification |
| Item type | Books |
| Withdrawn status | Lost status | Source of classification or shelving scheme | Damaged status | Not for loan | Home library | Current library | Shelving location | Date acquired | Inventory number | Total Checkouts | Full call number | Barcode | Date last seen | Price effective from | Koha item type |
|---|---|---|---|---|---|---|---|---|---|---|---|---|---|---|---|
| Library of Congress Classification | BSOP Library | BSOP Library | GC | 05/29/2019 | 14178 | GV1507 D49o | 00019747 | 05/29/2019 | 05/29/2019 | Books |
